000 00595nam a2200229Ia 4500
003 OSt
005 20230522094619.0
008 210423s2012 xx 000 0 und d
020 _a978-81-7473-377-1
040 _cAL
041 _aeng
082 _a338.47 ANAH
_223
100 _aANAND (N K);GOEL (Shikha)
_9109335
245 _aHealth economics
260 _aNew Delhi
_bAITBS Publishers and Distributors
_c2012
300 _ax,553
_bPB
365 _b325
_cINR
650 _aEconomics
_9109336
650 _aHealth Economics
_9109337
906 _aeconomics ; Health
942 _2ddc
_cBK
999 _c165204
_d165204